|
|
|
|
| LEADER |
00000ny a22000003n 4500 |
| 005 |
20110517141116.0 |
| 008 |
090129s20032008cl fr s 000 b0spa c |
| 022 |
|
|
|a 0718-0195
|
| 035 |
|
|
|a 2529
|
| 040 |
|
|
|a UMA.RE
|d vLex
|
| 080 |
|
|
|a 342.4(051)(0.034)
|
| 090 |
|
|
|c 2038
|d 2038
|
| 245 |
3 |
0 |
|a Revista de Estudios Constitucionales
|h [Recurso electrn̤ico]
|
| 246 |
3 |
3 |
|a Estudios constitucionales
|
| 256 |
|
|
|a Servicio en ln̕ea
|
| 260 |
|
|
|a Talca :
|b Universidad,
|
| 310 |
|
|
|a Semestral
|
| 506 |
1 |
|
|a Contenido solo disponible en los productos indicados
|d vLex Global
|d vLex Global (Academic Edition, excluding Law Schools)
|d vLex Global (U.S. Academic Edition, Law Schools)
|d vLex Global (U.S. Academic Edition, excluding Law Schools)
|d vLex Global (Academic Edition, Law Schools)
|
| 650 |
0 |
4 |
|a Derecho constitucional
|2 Tesauro vLex
|
| 650 |
0 |
4 |
|a Teora̕ constitucional
|2 Tesauro vLex
|
| 710 |
2 |
|
|a Universidad de Talca
|
| 740 |
|
|
|a vLex Revista (Servicios en ln̕ea)
|
| 853 |
|
|
|8 1
|i (year)
|j (month)
|k (day)
|
| 856 |
4 |
0 |
|u http://vlex.com/source/2529
|z Acceso restringido
|
| 942 |
|
|
|c REV
|